000 01296cab a2200193 4500
001 L131043
008 050923n2005 000 0 eng u
035 _a(Sirsi) u131043
041 0 _aeng
245 _aHouse price surveys' roundup
_bAugust 2005
260 _c2005
490 _aRICS Website News
_v20 September 2005
520 _aSummarises the most recent housing market and house price surveys with weblinks to the full reports. Includes: "RICS housing market survey Great Britain"; "ODPM house price index"; "ODPM mix-adjusted house price index" tables; "ODPM monthly housing report"; "ODPM quarterly house price focus"; "Land Registry residential property price report"; "HM Revenue and Customs monthly property transactions"; "Registers of Scotland: average residential prices in Scotland"; "Nationwide monthly house price review"; "Halifax (HBOS) house price index"; "Hometrack monthly national survey"; "Rightmove house price index".
590 _aIKA270905
690 _aPROPERTY-RESIDENTIAL PROPERTY-RESIDENTIAL PROPERTY MARKET
710 _aRoyal Institution of Chartered Surveyors
_bLibrary and Information Services
_94634
856 4 0 _uhttps://www.rics.org/RICSWEB/getpage.aspx?p=habDVMlrq02hR7iCl6sXwA
_zView the August roundup free of charge at www.rics.org...
942 _n0
999 _c75916
_d75916